Kate Who? Quiz Stats

 Plays Quiz Updated Mar 23, 2019

Score 0/15 Timer 05:00
0 Plays Today
% Correct
Kathy Bates
87.7%
Catherine Zeta-Jones
85.6%
Kate Hudson
82.2%
Katherine Heigl
82%
Cate Blanchett
76.9%
Catherine O'Hara
76.5%
Kate Winslet
75.2%
Kate Capshaw
73.8%
% Correct
Kate Beckinsale
73.6%
Kate McKinnon
71.8%
Kate Bosworth
61%
Kate Upton
60.1%
Kat Dennings
59.5%
Catherine Keener
51.6%
Kate Micucci
45.6%

You're not logged in!

Compare scores with friends on all Sporcle quizzes.
OR
Log In

Sporcle TV

Today on Sporcle TV


Watch our educational content, quiz creation guides, and fun videos on Sporcle TV.

Show Comments

Extras

Top Quizzes Today


Score Distribution

Your Account Isn't Verified!

In order to create a playlist on Sporcle, you need to verify the email address you used during registration. Go to your Sporcle Settings to finish the process.

Report this User

Report this user for behavior that violates our Community Guidelines.

Details: